Оценка рисков при выводе из эксплуатации атомных электростанций; VI Школа-конференция молодых атомщиков Сибири

Библиографические подробности
Источник:VI Школа-конференция молодых атомщиков Сибири.— 2015.— [С. 76]
Главный автор: Шевелева А. А.
Автор-организация: Национальный исследовательский Томский политехнический университет (ТПУ) Физико-технический институт (ФТИ) Кафедра физико-энергетических установок (№ 21) (ФЭУ)
Другие авторы: Степанов Б. П. Борис Павлович
Примечания:Заглавие с титульного экрана
Язык:русский
Опубликовано: 2015
Серии:Актуальные вопросы ядерного нераспространения, безопасность и экология ядерной отрасли
Предметы:
Online-ссылка:http://earchive.tpu.ru/handle/11683/22333
http://www.lib.tpu.ru/fulltext/c/2015/C63/059.pdf
Формат: MixedMaterials Электронный ресурс Статья
Запись в KOHA:https://koha.lib.tpu.ru/cgi-bin/koha/opac-detail.pl?biblionumber=615736

MARC

LEADER 00000naa2a2200000 4500
001 615736
005 20240209093712.0
035 |a (RuTPU)RU\TPU\conf\13951 
035 |a RU\TPU\conf\13950 
090 |a 615736 
100 |a 20151117d2015 k y0rusy50 ca 
101 0 |a rus 
102 |a RU 
105 |a y z 101zy 
135 |a drcn ---uucaa 
181 0 |a i  
182 0 |a b 
200 1 |a Оценка рисков при выводе из эксплуатации атомных электростанций  |f А. А. Шевелева, Б. П. Степанов 
203 |a Текст  |c электронный 
225 1 |a Актуальные вопросы ядерного нераспространения, безопасность и экология ядерной отрасли 
300 |a Заглавие с титульного экрана 
320 |a [Библиогр.: с. 76 (2 назв.)] 
337 |a Adobe Reader 
463 0 |0 (RuTPU)RU\TPU\conf\13155  |t VI Школа-конференция молодых атомщиков Сибири  |o сборник тезисов докладов, 14-16 октября 2015 г., г. Томск  |f Росатом ; Томская область, Администрация ; Сибирский химический комбинат (СХК) ; Национальный исследовательский Томский политехнический университет (ТПУ) ; Национальный исследовательский ядерный университет "МИФИ", Северский технологический институт (СТИ)  |v [С. 76]  |d 2015 
610 1 |a труды учёных ТПУ 
610 1 |a электронный ресурс 
610 1 |a атомные электрические станции 
610 1 |a вывод из эксплуатации 
610 1 |a ядерные установки 
610 1 |a радиационные источники 
610 1 |a хранение 
700 1 |a Шевелева  |b А. А. 
701 1 |a Степанов  |b Б. П.  |c специалист в области атомной энергетики  |c доцент Томского политехнического университета, кандидат технических наук  |f 1960-  |g Борис Павлович  |3 (RuTPU)RU\TPU\pers\29389  |9 13970 
712 0 2 |a Национальный исследовательский Томский политехнический университет (ТПУ)  |b Физико-технический институт (ФТИ)  |b Кафедра физико-энергетических установок (№ 21) (ФЭУ)  |3 (RuTPU)RU\TPU\col\18730 
801 2 |a RU  |b 63413507  |c 20210216  |g RCR 
856 4 |u http://earchive.tpu.ru/handle/11683/22333 
856 4 |u http://www.lib.tpu.ru/fulltext/c/2015/C63/059.pdf 
942 |c BK